[Event "GER-chT U12"]
[Site "Muenchen"]
[Date "2022.12.29"]
[Round "6"]
[White "Bock, Leonas"]
[Black "Schirmer, Enias"]
[Result "1/2-1/2"]
[WhiteElo "1284"]
[BlackElo "1363"]
[PlyCount "61"]
[EventDate "2022.12.26"]
[EventType "team-swiss"]
[EventRounds "7"]
[EventCountry "GER"]
[SourceTitle "CBM 212 Extra"]
[Source "ChessBase"]
[SourceDate "2023.03.31"]
[SourceVersion "1"]
[SourceVersionDate "2023.03.31"]
[SourceQuality "1"]
[WhiteTeam "Weimar"]
[BlackTeam "Walldorf"]
[WhiteTeamCountry "GER"]
[BlackTeamCountry "GER"]

1. d4 d5 2. Nf3 c5 3. c3 Nf6 4. e3 Nc6 5. Bd3 Bg4 6. h3 Bxf3 7. Qxf3 e5 8. dxe5 Nxe5 9. Bb5+ Nc6 10. 0-0 a6 11. Ba4 b5 12. Bc2 Be7 13. Rd1 0-0 14. e4 d4 15. Bf4 Bd6 16. Nd2 Bxf4 17. Qxf4 dxc3 18. bxc3 Qe7 19. Nf3 Rfe8 20. Re1 Ne5 21. Rad1 Nxf3+ 22. Qxf3 Rad8 23. Qf4 h6 24. Rd2 Rxd2 25. Qxd2 Qe6 26. e5 Nd7 27. f4 Rd8 28. Qd3 g6 29. g4 Qb6 30. Qe3 c4 31. Qd4 1/2-1/2